Atatürk ile yazışmalar 1920-1923 = Correspondances avec Atatürk (Record no. 255)

MARC details
000 -BAŞLIK
Sabit Uzunlukta Kontrol Alanı 00805na a2200253 4500
001 - KONTROL NUMARASI
Denetim Alanı 13941
003 - KONTROL NUMARASI IDENTIFIER
Denetim Alanı MIRAKIL
005 - SON İŞLEM TARİHİ VE ZAMANI
Denetim Alanı 20181213154740.0
008 - SABİT-BOY VERİ ELEMANLARI - GENEL BİLGİLER
Sabit Uzunlukta Kontrol Alanı 160822b tu 000 0
035 ## - SİSTEM KONTROL NUMARASI
Sistem Kontrol Numarası 13941
040 ## - KATALOGLAMA KAYNAK
Orijinal Kataloglama Ajansı Milas
Kataloglama Dili tur
Metne Dönüştürmek Ajansı TR-AnCHP
041 ## - DİL KODU
Metin / Ses Parça Veya Ayrı Başlığın Dil Kodu tur
-- fre
082 ## - DEWEY ONLU SINIFLANDIRMA NUMARASI
Sınıflandırma Numarası ATA 923.156
Ürün Numarası Ş55a 1981
090 ## - SINIFLAMA NUMARASI
Sınıflama Numarası ATA 923.156 Ş55a 1981
100 ## - ANA GİRİŞ - KİŞİSEL İSİM
Kişisel Ad Şimşir, Bilal N.
245 ## - BAŞLIK TABLOSU
Başlık Atatürk ile yazışmalar 1920-1923 = Correspondances avec Atatürk
Sorumluluk Tablosu, Vb Bilal N. Şimşir
260 ## - YAYIN, DAĞITIM, VB
Yayın, Dağıtım, Vb Yeri Ankara
Yayıncı, Dağıtıcı, Vs Adı Kültür Bakanlığı
Yayın, Dağıtım, Vb Tarihi 1981
300 ## - FİZİKSEL TANIM
Kapsam 552 s.
Boyutlar 18 sm.
490 ## - SERİSİ TABLOSU
Seri Beyanı Doğumunun 100. Yılında Atatürk Yayınları
Hacim / Ardışık Tanımı 3
490 ## - SERİSİ TABLOSU
Seri Beyanı Kültür Bakanlığı Yayınları
Hacim / Ardışık Tanımı 394
504 ## - KAYNAKÇA VB NOT
Kaynakça Vb Notu Dizin var.
600 ## - KONU KATMA GİRİŞ - KURUMSAL ADI
Kişisel Ad Atatürk, Mustafa Kemal
Bir Adıyla İlişkilendirilen Tarihler 1881-1938
Genel Alt Bölümü Yazışmalar
Kronolojik Alt Bölümü 1920-1923
942 ## - EKLENDİ GİRİŞ ELEMANLARI (KOHA)
Sınıflandırma Veya Raf Düzeni Kaynak Dewey Decimal Classification
Koha Öğesi Türü Books
999 ## - SİSTEM KONTROL NUMARALARI (KOHA)
Koha Biblionumber 255
Koha Biblioitemnumber 255
Holdings
Kalıcı Konum Mevcut Konum Edinme Tarihi Edinim Kaynak Toplam Check-Out'Lar Tam Çağrı Numarası Barkod Tarih Son Görülme İtibaren Geçerli Fiyatlar Koha Öğesi Türü Kopya Sayısı
CHP Kütüphanesi CHP Kütüphanesi 08/22/2016 Bağış   ATA 923.156 Ş55a 1981 001757 08/22/2016 08/22/2016 Books  
CHP Kütüphanesi CHP Kütüphanesi 08/22/2016 Bağış   ATA 923.156 Ş55a 1981 001758 08/22/2016 08/22/2016 Books k.2